=LDR 00000nam 2200000 4500 =001 INLIS000000000006304 =005 20251106012622 =035 ##$$a 0010-1125000178 =007 ta =008 251106###########################0#ind## =082 ##$$a 362.5 =084 ##$$a 362.5 BAD c =100 #$$a Badan Koordinasi Keluarga Berencana Nasional =245 1#$$a Capita Selecta Kelompok Bermasalah /$c Badan Koordinasi Keluarga Berencana Nasional =260 ##$$a Jakarta :$b Badan Koordinasi Keluarga Berencana Nasional =300 ##$$a 41 Hal : $b Ilus ; $c 21 =650 #4$$a Keluarga Berencana =856 ##$$a Perpustakaan Kemendukbangga